| 000 | 00861cab a2200205 4500 | ||
|---|---|---|---|
| 001 | ABS42363 | ||
| 008 | 090401t xxu||||| |||| 00| 0 eng d | ||
| 035 | _a(Sirsi) u36374 | ||
| 041 | _aeng | ||
| 100 | _aDuxbury, R. | ||
| 245 | _aLandlord and tenant : some recent developments | ||
| 260 | _c8(2) Winter 1989/1990, 197-205(5) | ||
| 350 | _a0 | ||
| 490 |
_aJournal of Valuation _v8(2) Winter 1989/1990, 197-205(5) |
||
| 520 | _aConsiders the impact of the Landlord and Tenant Act 1988 on assignment ; the first reported case under Landlord and Tenant Act 1987 , Cousins v Metropolitan Guarantee Ltd (Abs 41268); a recent case on rent review , Glofield Properties Ltd v Morley (No 2) (Abs 41265) and the new rules relating to the formation of leases . | ||
| 650 | _aCASE LAW | ||
| 690 | _aPROPERTY-LANDLORD AND TENANT | ||
| 942 | _n0 | ||
| 948 | _c04/03/1997 | ||
| 999 |
_c23646 _d23646 |
||